000 00711nam a2200169Ia 4500
003 GCL
008 140319s9999 xx 000 0 ara d
040 _aGCL /
_cGCL
082 0 4 _a818.03
_bم ك
100 1 _aمحمد القليقلى
245 1 0 _aكتاب هنا وهناك: وهو حديث الشيخ السورى مع الشاب المصرى عن حال القطرين الشقيقين والبحث فى سياسة حكوميتها الداخلية /
_cمحمد القليقلى
490 _aالهيئة العامة للاستعلامات
_v0
650 0 4 _aالمناقشات
650 0 4 _aالادب العربى - تاريخ ونقد
650 0 4 _aالمذكرات الادبية
942 _2ddc
_cBK
999 _c50193
_d50193